000 00553nam a2200229Ia 4500
003 OSt
005 20221005131033.0
006 a|||||r|||| 00| 0
007 ta
008 221004b |||||||| |||| 00| 0 tam d
024 _a51645
037 _cTextual
040 _aCRL
_cCRL
_btam
041 _2tam
_atam
082 _aQ23wx1, 31L2
100 _aArunachalam Au.
_9191606
245 0 _aSekkizhar
260 _c1972
650 _aRELIGION
942 _hQ23wx1, 31L2
_cTEXL
_2cc
999 _c1059161
_d1059161